header

Unhistorical gender assignment in Layamon's Brut (Record no. 73799)

MARC details
000 -LEADER
fixed length control field 01542nam a2200361Ia 4500
100 1# - MAIN ENTRY--AUTHOR NAME
Personal name Shinkawa, Seiji,
245 10 - TITLE STATEMENT
Title Unhistorical gender assignment in Layamon's Brut
260 ## - PUBLICATION, DISTRIBUTION, ETC. (IMPRINT)
Place of publication Bern ;
-- New York :
Name of publisher Peter Lang,
Year of publication 2012.
300 ## - PHYSICAL DESCRIPTION
Number of Pages 186 p.
490 0# - SERIES STATEMENT
Series statement Linguistic insights-studies in language and communication ;
500 ## - GENERAL NOTE
General note Thesis (doctoral)-- Sophia University, 2011.
650 #0 - SUBJECT ADDED ENTRY--TOPICAL TERM
Topical Term English language
Topical Term Grammar, Comparative and general
Topical Term Historical linguistics.
856 40 - ELECTRONIC LOCATION AND ACCESS
Uniform Resource Identifier http://site.ebrary.com/lib/rucke/Doc?id=10620438

No items available.

© 2026 Rongo University
Contact us: librarian | system librarian | Rongo university